000 00761nam a2200253 u 4500
001 67385
005 20220620102114.0
008 170518s2003 mx a r 000 0 spa d
040 _erda
041 0 _aspa
082 0 _a920.0092924
_bLEV
100 1 _aLevinsky, Manuel,
_d1923-2008
_eautor
_94426
245 1 0 _a100 personajes /
_cManuel Levinsky.
250 _a[Primera edición]
264 1 _aMéxico :
_bLito Offset Artísticos,
_c2003
300 _a368 páginas :
_bilustraciones ;
_c23 cm.
336 _atexto
_2rdacontent
_btxt
337 _asin medio
_2rdamedia
_bn
338 _avolumen
_2rdacarrier
_bnc
500 _aColección Ocejo
650 4 _aJudíos
_vBriografías
650 4 _aJudíos
999 _c67385
_d67385
942 _h920.0092924
_iLEV
_cLI